[Event "Rilton Cup 51st"]
[Site "Stockholm"]
[Date "2024.01.05"]
[Round "9"]
[White "Kuznecova, Marija"]
[Black "Kienboeck, Benjamin"]
[Result "1/2-1/2"]
[WhiteElo "2011"]
[BlackElo "2177"]
[PlyCount "40"]
[EventDate "2023.12.27"]
[EventType "swiss"]
[EventRounds "9"]
[EventCountry "SWE"]
[SourceTitle "CB02_2024"]
[SourceDate "2024.01.10"]
[SourceVersion "1"]
[SourceVersionDate "2024.01.10"]
[SourceQuality "1"]

1. e4 c6 2. d4 d5 3. e5 c5 4. Nf3 cxd4 5. Qxd4 Nc6 6. Qf4 e6 7. Bd3 Nb4 8. Nc3 Nxd3+ 9. cxd3 Ne7 10. h4 Ng6 11. Qg3 h5 12. Bd2 Bd7 13. 0-0 Bc6 14. Ne2 Be7 15. Ng5 Bxg5 16. Bxg5 Qb6 17. Be3 Qd8 18. Bg5 Qb6 19. Be3 Qd8 20. Bg5 Qb6 1/2-1/2

[Event "AUT-chT U18 rapid"]
[Site "Vienna"]
[Date "2023.10.29"]
[Round "1.1"]
[White "Marakovits, Nico"]
[Black "Kienboeck, Benjamin"]
[Result "1-0"]
[WhiteElo "2321"]
[BlackElo "2094"]
[PlyCount "109"]
[EventDate "2023.10.29"]
[EventType "team-swiss"]
[EventRounds "7"]
[EventCountry "AUT"]
[SourceTitle "Mega2024 Update 01"]
[Source "Chessbase"]
[SourceDate "2023.11.12"]
[SourceVersion "1"]
[SourceVersionDate "2023.11.12"]
[SourceQuality "1"]
[WhiteTeam "Steiermark U18"]
[BlackTeam "Vorarlberg U18"]
[WhiteTeamCountry "AUT"]
[BlackTeamCountry "AUT"]

1. d4 Nf6 2. c4 e6 3. Nc3 Bb4 4. Qc2 d5 5. cxd5 exd5 6. Bg5 h6 7. Bh4 c5 8. a3 Bxc3+ 9. bxc3 cxd4 10. cxd4 Qa5+ 11. Qd2 Qxd2+ 12. Kxd2 Ne4+ 13. Ke1 g5 14. Bg3 Nc6 15. e3 0-0 16. Bd3 Re8 17. Ne2 Bf5 18. Bxe4 Bxe4 19. f3 Bd3 20. Nc1 Bc4 21. Kd2 Rac8 22. Re1 Re6 23. Rb1 b5 24. Nd3 a5 25. Nc5 Re7 26. h4 f6 27. Bf2 Rce8 28. e4 b4 29. axb4 axb4 30. hxg5 hxg5 31. Be3 Ra8 32. Rb2 Rea7 33. Nd3 Ra2 34. Reb1 R2a3 35. Nc5 Kf7 36. Bf2 Rh8 37. Nb7 Ke7 38. Bg3 b3 39. Bd6+ Kd7 40. Bxa3 Nxd4 41. Nc5+ Kc6 42. Nxb3 Nxb3+ 43. Rxb3 Bxb3 44. Rxb3 Rh2 45. Rc3+ Kd7 46. exd5 Rxg2+ 47. Ke3 g4 48. fxg4 Rxg4 49. d6 Kd8 50. Bc5 Rg3+ 51. Kd4 Rg5 52. Rf3 f5 53. Kd5 f4+ 54. Kc6 Rf5 55. Bb6+ 1-0

[Event "Vienna Ottakring 100 Years"]
[Site "Vienna"]
[Date "2023.08.31"]
[Round "6"]
[White "Kienboeck, Benjamin"]
[Black "Mohar, Martin"]
[Result "1/2-1/2"]
[WhiteElo "2176"]
[BlackElo "1852"]
[PlyCount "107"]
[EventDate "2023.08.26"]
[EventType "swiss"]
[EventRounds "9"]
[EventCountry "AUT"]
[SourceTitle "EXT 2024"]
[Source "ChessBase"]
[SourceDate "2023.10.10"]
[SourceVersion "1"]
[SourceVersionDate "2023.10.10"]
[SourceQuality "1"]

1. e4 c5 2. Nf3 Nc6 3. d4 cxd4 4. Nxd4 Nf6 5. Nc3 e5 6. Ndb5 d6 7. Bg5 a6 8. Na3 b5 9. Nd5 Be7 10. Bxf6 Bxf6 11. c3 0-0 12. Nc2 Bg5 13. a4 bxa4 14. Rxa4 a5 15. Bc4 Rb8 16. Ra2 Ne7 17. h4 Bh6 18. g3 Kh8 19. 0-0 Nxd5 20. Bxd5 f5 21. exf5 Bxf5 22. Na3 Bh3 23. Bg2 Be6 24. c4 Rb4 25. b3 a4 26. bxa4 Rxc4 27. Nxc4 Bxc4 28. Ra3 Bxf1 29. Qxf1 Bd2 30. Qd1 Bb4 31. Rf3 Bc5 32. Qc2 Rxf3 33. Bxf3 g6 34. Be4 Kg7 35. Kg2 Bd4 36. Qa2 Bb6 37. Bf3 Qg8 38. Qb1 Qd8 39. Qb5 Qc7 40. Bc6 Qa7 41. Qe2 Qf7 42. Bf3 Qc7 43. Qd2 Qc5 44. h5 Qd4 45. h6+ Kf6 46. Qc2 Kg5 47. a5 Bxa5 48. Qc1+ Bd2 49. Qc8 Kxh6 50. Qf8+ Kg5 51. Qe7+ Kh6 52. Qf8+ Kg5 53. Qe7+ Kh6 54. Qf8+ 1/2-1/2

[Event "EU-chT U18"]
[Site "Iasi"]
[Date "2023.07.28"]
[Round "5.4"]
[White "Kienboeck, Benjamin"]
[Black "Von Mettenheim, Johannes"]
[Result "1/2-1/2"]
[WhiteElo "2118"]
[BlackElo "2327"]
[PlyCount "84"]
[EventDate "2023.07.24"]
[EventType "team-swiss"]
[EventRounds "7"]
[EventCountry "ROU"]
[SourceTitle "CBM 215 Extra"]
[Source "ChessBase"]
[SourceDate "2023.09.30"]
[SourceVersion "1"]
[SourceVersionDate "2023.09.30"]
[SourceQuality "1"]
[WhiteTeam "Austria U18"]
[BlackTeam "Germany U18"]
[WhiteTeamCountry "AUT"]
[BlackTeamCountry "GER"]

1. e4 e5 2. Nf3 Nc6 3. Bb5 a6 4. Ba4 Nge7 5. c3 Ng6 6. 0-0 d5 7. d4 dxe4 8. Bxc6+ bxc6 9. Nxe5 Nxe5 10. dxe5 Qxd1 11. Rxd1 Bc5 12. Be3 Bxe3 13. fxe3 0-0 14. Rd4 Rb8 15. Rb4 Rxb4 16. cxb4 Bf5 17. Nc3 Rb8 18. Rd1 Kf8 19. a3 c5 20. Nd5 c6 21. Nc7 Bc8 22. Rd8+ Ke7 23. Rg8 cxb4 24. axb4 g6 25. Nxa6 Ra8 26. Nc5 Ra1+ 27. Kf2 Bf5 28. g4 Bxg4 29. Nxe4 Rb1 30. Nf6 Rxb2+ 31. Kg3 Bd7 32. Rb8 Ke6 33. Rd8 Rd2 34. h4 h6 35. Kf4 Rd1 36. Kg3 Rd3 37. Kf4 Ke7 38. Rb8 Rd1 39. Kg3 Ke6 40. Rd8 Ke7 41. Rb8 Ke6 42. Rd8 Ke7 1/2-1/2

[Event "St Veit op 42nd"]
[Site "St Veit"]
[Date "2023.07.11"]
[Round "5"]
[White "Kienboeck, Benjamin"]
[Black "Hresc, Vladimir"]
[Result "1/2-1/2"]
[WhiteElo "2118"]
[BlackElo "2279"]
[PlyCount "52"]
[EventDate "2023.07.08"]
[EventType "swiss"]
[EventRounds "9"]
[EventCountry "AUT"]
[SourceTitle "CBM 215 Extra"]
[Source "ChessBase"]
[SourceDate "2023.09.30"]
[SourceVersion "1"]
[SourceVersionDate "2023.09.30"]
[SourceQuality "1"]

1. e4 e5 2. Nf3 Nf6 3. Nxe5 d6 4. Nf3 Nxe4 5. Nc3 Nf6 6. d4 d5 7. Bg5 Be6 8. Bd3 c6 9. 0-0 Be7 10. Ne5 Nbd7 11. f4 Qb6 12. Ne2 h6 13. Bh4 Nxe5 14. fxe5 Ng4 15. Bxe7 Kxe7 16. Qe1 Nxe5 17. Bf5 Rae8 18. Bxe6 fxe6 19. Qg3 Nd7 20. Qxg7+ Kd8 21. Rf7 Kc8 22. Rxd7 Rhg8 23. Qh7 Rh8 24. Qg7 Rhg8 25. Qh7 Rh8 26. Qg7 Rhg8 1/2-1/2

[Event "AUT-ch Rapid"]
[Site "Graz"]
[Date "2023.06.10"]
[Round "9"]
[White "Schwabeneder, Florian"]
[Black "Kienboeck, Benjamin"]
[Result "0-1"]
[WhiteElo "2389"]
[BlackElo "2118"]
[PlyCount "144"]
[EventDate "2023.06.10"]
[EventType "swiss (rapid)"]
[EventRounds "9"]
[EventCountry "AUT"]
[SourceTitle "CBM 214 Extra"]
[Source "ChessBase"]
[SourceDate "2023.07.31"]
[SourceVersion "1"]
[SourceVersionDate "2023.07.31"]
[SourceQuality "1"]

1. e4 c6 2. d4 d5 3. exd5 cxd5 4. Nf3 Nf6 5. Ne5 Nc6 6. Bb5 Bd7 7. Nxd7 Qxd7 8. c3 e6 9. 0-0 Bd6 10. Nd2 g5 11. Re1 g4 12. Bd3 0-0-0 13. b4 Ne7 14. b5 Bb8 15. a4 h5 16. a5 h4 17. b6 a6 18. Bb2 Rdg8 19. c4 g3 20. fxg3 hxg3 21. h3 Nh5 22. cxd5 Nxd5 23. Nc4 Nhf4 24. Be4 f5 25. Bf3 Rxh3 26. gxh3 Nxh3+ 27. Kf1 Nhf4 28. Qa4 Qh7 29. Rec1 Qh3+ 30. Ke1 Nd3+ 31. Ke2 Nxc1+ 32. Rxc1 Qh2+ 33. Kd3 Nf4+ 34. Kc3 Qf2 35. Qd1 g2 36. Bxg2 Rxg2 37. Kb3 Kd8 38. Rc2 Qxc2+ 39. Qxc2 Rxc2 40. Kxc2 Nd5 41. Ba3 Kd7 42. Kd3 Kc6 43. Bc1 Kb5 44. Bd2 Nb4+ 45. Bxb4 Kxb4 46. d5 exd5 47. Ne3 Kxa5 48. Nxd5 Kb5 49. Kd4 Kc6 50. Ne7+ Kxb6 51. Nxf5 Kb5 52. Kc3 Be5+ 53. Kb3 a5 54. Ne3 a4+ 55. Ka2 Kc5 56. Ng4 Bd4 57. Nh2 b5 58. Nf3 Bc3 59. Ka3 Kb6 60. Ng5 Ka5 61. Ne4 b4+ 62. Ka2 b3+ 63. Ka3 Bb4+ 64. Kb2 Be7 65. Nf2 Kb5 66. Nd3 Bd6 67. Kc3 Bf8 68. Kb2 Bg7+ 69. Ka3 Bc3 70. Nf4 Bb4+ 71. Kb2 Kc4 72. Ne2 a3+ 0-1

[Event "Bodensee op"]
[Site "Bregenz"]
[Date "2023.05.20"]
[Round "8"]
[White "Kienboeck, Benjamin"]
[Black "Fasching, Andreas"]
[Result "1-0"]
[WhiteElo "2067"]
[BlackElo "1741"]
[PlyCount "47"]
[EventDate "2023.05.13"]
[EventType "swiss"]
[EventRounds "9"]
[EventCountry "AUT"]
[SourceTitle "CBM 215 Extra"]
[Source "ChessBase"]
[SourceDate "2023.09.30"]
[SourceVersion "1"]
[SourceVersionDate "2023.09.30"]
[SourceQuality "1"]

1. e4 e6 2. d4 d5 3. Nc3 dxe4 4. Nxe4 Nf6 5. Bd3 Nc6 6. Nf3 Bd7 7. c3 Be7 8. Qe2 h6 9. 0-0 Nxe4 10. Qxe4 Bg5 11. Nd2 Qe7 12. f4 f5 13. Qf3 Bf6 14. Kh1 0-0-0 15. b4 Nxd4 16. cxd4 Bc6 17. Qe2 Rxd4 18. Rb1 Rhd8 19. Bc4 Bd5 20. Bxd5 R8xd5 21. a3 Qd6 22. Nc4 Qa6 23. b5 Rxb5 24. Rxb5 1-0

[Event "Bodensee op"]
[Site "Bregenz"]
[Date "2023.05.19"]
[Round "7"]
[White "Beisteiner, Joachim"]
[Black "Kienboeck, Benjamin"]
[Result "1-0"]
[WhiteElo "2117"]
[BlackElo "2067"]
[PlyCount "143"]
[EventDate "2023.05.13"]
[EventType "swiss"]
[EventRounds "9"]
[EventCountry "AUT"]
[SourceTitle "CBM 215 Extra"]
[Source "ChessBase"]
[SourceDate "2023.09.30"]
[SourceVersion "1"]
[SourceVersionDate "2023.09.30"]
[SourceQuality "1"]

1. e4 c6 2. d4 d5 3. e5 c5 4. Nf3 Nc6 5. dxc5 e6 6. Be3 f6 7. Bb5 Bd7 8. 0-0 fxe5 9. Bxc6 Bxc6 10. Nxe5 Nf6 11. Bd4 Be7 12. Re1 0-0 13. Nc3 Rc8 14. Qd3 Bd7 15. Qe3 Qc7 16. Nxd7 Qxd7 17. Qxe6+ Qxe6 18. Rxe6 Bxc5 19. Bxc5 Rxc5 20. Re2 Rfc8 21. Rd1 Kf7 22. f3 R8c7 23. Rd4 Re7 24. Kf2 Rxe2+ 25. Kxe2 Ke6 26. Kd3 a6 27. Rb4 Rc7 28. Kd4 Kf5 29. b3 h5 30. Rb6 Rd7 31. Ne2 Re7 32. Kd3 Ke5 33. Rb4 Nd7 34. Kd2 Nc5 35. Rb6 Ne6 36. g3 g5 37. Rb4 Rf7 38. Ke3 Rc7 39. c3 Kd6 40. h4 gxh4 41. Rxh4 Ng7 42. g4 Re7+ 43. Kd3 hxg4 44. Rxg4 Ne6 45. Rg6 Ke5 46. Rg8 Nc5+ 47. Kd2 Ne6 48. Ke3 Rh7 49. Rb8 Kd6 50. a4 Re7 51. Kd2 Rf7 52. Ke3 Re7 53. Kf2 Ke5 54. Rh8 Kd6 55. Rh6 Ke5 56. Ke3 Rf7 57. Nd4 Nf4 58. a5 Rc7 59. Kd2 Rg7 60. Rh8 Rf7 61. Rg8 Kd6 62. Rg5 Rf6 63. Rg7 Ne6 64. Nxe6 Kxe6 65. Ke3 Rf5 66. Rxb7 d4+ 67. Kxd4 Rxa5 68. Kc4 Ra1 69. Kb4 Ke5 70. c4 Kd4 71. Rd7+ Ke3 72. Rd5 1-0

[Event "Bodensee op"]
[Site "Bregenz"]
[Date "2023.05.14"]
[Round "2"]
[White "Kienboeck, Benjamin"]
[Black "Dittmar, Peter"]
[Result "1/2-1/2"]
[WhiteElo "2067"]
[BlackElo "2162"]
[PlyCount "47"]
[EventDate "2023.05.13"]
[EventType "swiss"]
[EventRounds "9"]
[EventCountry "AUT"]
[SourceTitle "CBM 215 Extra"]
[Source "ChessBase"]
[SourceDate "2023.09.30"]
[SourceVersion "1"]
[SourceVersionDate "2023.09.30"]
[SourceQuality "1"]

1. e4 e6 2. d4 d5 3. Nc3 Nf6 4. e5 Nfd7 5. f4 c5 6. Nf3 Nc6 7. Be3 a6 8. Qd2 b5 9. dxc5 Bxc5 10. Bxc5 Nxc5 11. Bd3 b4 12. Ne2 Qb6 13. Ned4 Nxd4 14. Nxd4 a5 15. Qe3 Ba6 16. 0-0 Bxd3 17. cxd3 0-0 18. Rae1 Rae8 19. f5 exf5 20. Nxf5 f6 21. Qg3 Ne4+ 22. Qe3 Nc5 23. Qg3 Ne4+ 24. Qe3 1/2-1/2

[Event "Bodensee op"]
[Site "Bregenz"]
[Date "2023.05.13"]
[Round "1"]
[White "Baburin, Alexander"]
[Black "Kienboeck, Benjamin"]
[Result "0-1"]
[WhiteElo "2397"]
[BlackElo "2067"]
[PlyCount "94"]
[EventDate "2023.05.13"]
[EventType "swiss"]
[EventRounds "9"]
[EventCountry "AUT"]
[SourceTitle "CBM 215 Extra"]
[Source "ChessBase"]
[SourceDate "2023.09.30"]
[SourceVersion "1"]
[SourceVersionDate "2023.09.30"]
[SourceQuality "1"]

1. d4 Nf6 2. c4 e6 3. g3 d5 4. Nf3 Bb4+ 5. Bd2 Be7 6. Bg2 Nbd7 7. 0-0 c6 8. Qc2 Ne4 9. Bf4 g5 10. Bc1 h5 11. Ne5 Nd6 12. b3 Nf5 13. Bb2 Bf6 14. e4 dxe4 15. Qxe4 Nxe5 16. dxe5 Be7 17. Nc3 Bd7 18. Qe2 Qc7 19. Ne4 Rh6 20. c5 h4 21. Rfd1 0-0-0 22. b4 Kb8 23. Nd6 Bxd6 24. exd6 Qc8 25. a4 a6 26. Rdc1 f6 27. Qd3 hxg3 28. hxg3 Rdh8 29. Kf1 R8h7 30. Ke2 Rh2 31. Be4 R7h3 32. Rg1 Qe8 33. Qf3 Rh6 34. Rh1 Qh8 35. Kd3 g4 36. Qd1 Rxf2 37. Bc3 Rhh2 38. Qxg4 Qh6 39. Rxh2 Qe3+ 40. Kc4 Rxh2 41. Re1 Qf2 42. Qg8+ Ka7 43. Bb1 Qf3 44. Be4 Qf2 45. Qd8 Qa2+ 46. Kd3 Qc2+ 47. Kc4 Nxd6+ 0-1

[Event "AUT-ch U18"]
[Site "St Veit"]
[Date "2023.04.05"]
[Round "6"]
[White "Kienboeck, Benjamin"]
[Black "Katter, Katharina"]
[Result "1-0"]
[WhiteElo "2052"]
[BlackElo "2045"]
[PlyCount "109"]
[EventDate "2023.04.02"]
[EventType "swiss"]
[EventRounds "7"]
[EventCountry "AUT"]
[SourceTitle "EXT 2024"]
[Source "ChessBase"]
[SourceDate "2023.10.10"]
[SourceVersion "1"]
[SourceVersionDate "2023.10.10"]
[SourceQuality "1"]

1. e4 c5 2. Nf3 d6 3. d4 cxd4 4. Nxd4 Nf6 5. Nc3 a6 6. h3 e5 7. Nde2 h5 8. g3 Be6 9. Bg2 Be7 10. 0-0 Nbd7 11. a4 Nb6 12. f4 Nc4 13. b3 Qb6+ 14. Kh1 Ne3 15. a5 Nxd1 16. axb6 Nxc3 17. Nxc3 Rc8 18. Bb2 Bd8 19. Rad1 Bxb6 20. Rxd6 Bd4 21. Rd1 0-0 22. R6xd4 exd4 23. Rxd4 Rfd8 24. Ne2 Rxd4 25. Nxd4 Ne8 26. Kg1 Bd7 27. Kf2 Rc7 28. Ke3 Nd6 29. Kd3 Nb5 30. Nf3 Bc6 31. Ne5 f6 32. Nxc6 bxc6 33. c4 Nd6 34. Bf3 Nb7 35. Bd4 c5 36. Bc3 Rd7+ 37. Ke3 Nd8 38. e5 fxe5 39. fxe5 g6 40. Bd5+ Kf8 41. Kf4 Ke7 42. b4 Ne6+ 43. Ke3 cxb4 44. Bxb4+ Kf7 45. Ke4 Rd8 46. Bd6 a5 47. c5 a4 48. c6 Ra8 49. c7 Rc8 50. Kd3 a3 51. Kc2 a2 52. Kb2 Rg8 53. Kxa2 g5 54. Kb3 g4 55. h4 1-0

[Event "AUT-ch U18"]
[Site "St Veit"]
[Date "2023.04.04"]
[Round "5"]
[White "Lerch, Johannes"]
[Black "Kienboeck, Benjamin"]
[Result "1-0"]
[WhiteElo "2303"]
[BlackElo "2052"]
[PlyCount "147"]
[EventDate "2023.04.02"]
[EventType "swiss"]
[EventRounds "7"]
[EventCountry "AUT"]
[SourceTitle "EXT 2024"]
[Source "ChessBase"]
[SourceDate "2023.10.10"]
[SourceVersion "1"]
[SourceVersionDate "2023.10.10"]
[SourceQuality "1"]

1. e4 c6 2. Nf3 d5 3. d3 dxe4 4. dxe4 Qxd1+ 5. Kxd1 Nf6 6. Nbd2 Nbd7 7. Ne1 Nc5 8. f3 g5 9. Nd3 Ne6 10. c3 h5 11. Nc4 g4 12. Be2 Bh6 13. Bxh6 Rxh6 14. Nce5 Ng5 15. Kd2 h4 16. Ke3 h3 17. g3 gxf3 18. Bxf3 Nxf3 19. Kxf3 b6 20. Nf2 c5 21. Rhe1 Bb7 22. Kf4 Nh5+ 23. Ke3 Re6 24. Nf3 Nf6 25. Ng5 Rd6 26. Rad1 Rxd1 27. Rxd1 Bc8 28. Rd2 Ng4+ 29. Nxg4 Bxg4 30. Kf4 Bc8 31. g4 f6 32. Nxh3 e5+ 33. Kg3 Be6 34. a3 Ke7 35. Nf2 Rb8 36. h4 Rg8 37. Kf3 Rh8 38. Kg3 Rg8 39. Rd1 Bb3 40. Rh1 Kf7 41. Kf3 Rd8 42. Ke3 Kg6 43. g5 fxg5 44. Rg1 Be6 45. Rxg5+ Kf6 46. Rg1 Rh8 47. Rh1 Rh5 48. Kf3 Rh8 49. Ng4+ Bxg4+ 50. Kxg4 Rg8+ 51. Kf3 Rd8 52. Rh2 Rd7 53. a4 a6 54. Ke3 Rh7 55. Rh1 Ke6 56. Kd3 b5 57. axb5 axb5 58. Ke3 Kf6 59. Kf3 b4 60. cxb4 cxb4 61. Ke3 Rc7 62. Kd3 Rd7+ 63. Ke3 Rc7 64. h5 Kg7 65. h6+ Kh7 66. Kd3 Rd7+ 67. Kc2 Rd4 68. Rh4 Rc4+ 69. Kb3 Rd4 70. Ka4 Rd2 71. b3 Rd4 72. Kb5 Kg8 73. h7+ Kh8 74. Kc5 1-0

[Event "AUT-chT 2223"]
[Site "Austria"]
[Date "2023.03.25"]
[Round "7.6"]
[White "Kienboeck, Benjamin"]
[Black "Buhmann, Rainer"]
[Result "0-1"]
[WhiteElo "2178"]
[BlackElo "2559"]
[PlyCount "150"]
[EventDate "2022.11.03"]
[EventType "team-tourn"]
[EventRounds "11"]
[EventCountry "AUT"]
[SourceTitle "CBM 213 Extra"]
[Source "ChessBase"]
[SourceDate "2023.05.31"]
[SourceVersion "1"]
[SourceVersionDate "2023.05.31"]
[SourceQuality "1"]
[WhiteTeam "Hohenems"]
[BlackTeam "Jenbach"]
[WhiteTeamCountry "AUT"]
[BlackTeamCountry "AUT"]

1. e4 e5 2. Nf3 Nc6 3. Bb5 a6 4. Ba4 Nf6 5. 0-0 Be7 6. Re1 b5 7. Bb3 d6 8. c3 0-0 9. h3 Nb8 10. d4 Nbd7 11. Nbd2 Bb7 12. d5 c6 13. dxc6 Bxc6 14. Bc2 Qc7 15. Nf1 Rfe8 16. Ng3 Bf8 17. a4 Qb7 18. Qe2 g6 19. Nh2 h5 20. Nf3 Nc5 21. Bg5 Nh7 22. axb5 axb5 23. Rxa8 Rxa8 24. Be3 Qe7 25. b4 Ne6 26. Bd3 Qb7 27. Bc1 Bg7 28. Nf1 Bf6 29. Be3 Bd8 30. N1d2 Ra2 31. Bb1 Ra3 32. Rc1 Bb6 33. Bxb6 Qxb6 34. g3 Nf6 35. Bd3 Kg7 36. Nb1 Ra1 37. Re1 Nh7 38. Nbd2 Ra2 39. Rc1 Nhg5 40. Nxg5 Nxg5 41. Rc2 Nxh3+ 42. Kg2 Rxc2 43. Bxc2 Ng5 44. Nf3 Nh7 45. Qd3 Bb7 46. Bb3 Nf6 47. Nd2 Ng4 48. Qe2 f5 49. Bc2 Nf6 50. f3 fxe4 51. Nxe4 Bxe4 52. Bxe4 Qc7 53. Qd3 Nxe4 54. Qxe4 Qxc3 55. Qb7+ Kh6 56. Qe7 Qc2+ 57. Kg1 Qd1+ 58. Kf2 Qd2+ 59. Kf1 Qd3+ 60. Kf2 Qd4+ 61. Kg2 e4 62. Qf8+ Kh7 63. Qe7+ Qg7 64. Qxe4 Qb2+ 65. Kh3 Qe5 66. Qb7+ Kh6 67. Qc6 Qe1 68. f4 Qxb4 69. Qe8 Qd4 70. Qxb5 Qe4 71. Kh2 Qc2+ 72. Kh1 Qf5 73. Qb3 Qh3+ 74. Kg1 h4 75. Qg8 Qxg3+ 0-1

[Event "EU-ch 23rd"]
[Site "Vrnjacka Banja"]
[Date "2023.03.12"]
[Round "10"]
[White "Manukyan, Sargis A"]
[Black "Kienboeck, Benjamin"]
[Result "1-0"]
[WhiteElo "2163"]
[BlackElo "2066"]
[PlyCount "107"]
[EventDate "2023.03.03"]
[EventType "swiss"]
[EventRounds "11"]
[EventCountry "SRB"]
[SourceTitle "CBM 213"]
[Source "ChessBase"]
[SourceDate "2023.04.30"]
[SourceVersion "1"]
[SourceVersionDate "2023.04.30"]
[SourceQuality "1"]

1. d4 Nf6 2. c4 e6 3. Nc3 Bb4 4. a3 Bxc3+ 5. bxc3 b6 6. e3 Nc6 7. Bd3 Na5 8. e4 Bb7 9. f3 Ba6 10. Bg5 h6 11. Bh4 Bxc4 12. Bxc4 Nxc4 13. e5 g5 14. Bf2 Nd5 15. h4 Nf4 16. g3 Ng2+ 17. Ke2 gxh4 18. Nh3 hxg3 19. Bxg3 Nge3 20. Qd3 b5 21. Nf2 Nf5 22. Bf4 Nb6 23. Rag1 Nd5 24. Bd2 a6 25. a4 c5 26. Ne4 c4 27. Qb1 b4 28. Rh5 Qe7 29. Rxf5 exf5 30. Nd6+ Kf8 31. Qxf5 Qe6 32. Qe4 bxc3 33. Bc1 Rb8 34. Qh4 Ne7 35. f4 Rg8 36. f5 Nxf5 37. Nxf5 Rxg1 38. Bxh6+ Kg8 39. Ne7+ Qxe7 40. Qxe7 Rg2+ 41. Kf3 Rg1 42. Qd6 Rbb1 43. Qf8+ Kh7 44. Be3 Rbf1+ 45. Bf2 Rg7 46. Qa8 Rgg1 47. Qd5 c2 48. Qxf7+ Rg7 49. Qf5+ Kg8 50. Qxc2 Rf7+ 51. Kg3 R7xf2 52. Qxc4+ Kf8 53. Qxa6 Rf4 54. Qh6+ 1-0

[Event "EU-ch 23rd"]
[Site "Vrnjacka Banja"]
[Date "2023.03.08"]
[Round "6"]
[White "Sahakyan, Aleks"]
[Black "Kienboeck, Benjamin"]
[Result "1-0"]
[WhiteElo "2343"]
[BlackElo "2066"]
[PlyCount "62"]
[EventDate "2023.03.03"]
[EventType "swiss"]
[EventRounds "11"]
[EventCountry "SRB"]
[SourceTitle "CBM 213"]
[Source "ChessBase"]
[SourceDate "2023.04.30"]
[SourceVersion "1"]
[SourceVersionDate "2023.04.30"]
[SourceQuality "1"]

1. c4 Nf6 2. Nc3 e5 3. g3 Bb4 4. Bg2 0-0 5. e4 Nc6 6. Nge2 d6 7. d3 a6 8. 0-0 Bd7 9. h3 Bc5 10. Kh2 Nd4 11. f4 b5 12. f5 c6 13. g4 h6 14. Ng3 Ba7 15. Bd2 Rc8 16. Qc1 Nh7 17. Nh5 f6 18. h4 Be8 19. Ng3 Bf7 20. b3 Bb8 21. Nh1 d5 22. Nf2 bxc4 23. bxc4 dxc4 24. dxc4 Bxc4 25. Re1 Bf7 26. Nh3 Qd6 27. Ne2 c5 28. g5 fxg5 29. hxg5 hxg5 30. Nxg5 Qh6+ 31. Kg3 Qh5 1-0

[Event "EU-ch 23rd"]
[Site "Vrnjacka Banja"]
[Date "2023.03.06"]
[Round "4"]
[White "Djuric, Stefan"]
[Black "Kienboeck, Benjamin"]
[Result "1-0"]
[WhiteElo "2256"]
[BlackElo "2066"]
[PlyCount "32"]
[EventDate "2023.03.03"]
[EventType "swiss"]
[EventRounds "11"]
[EventCountry "SRB"]
[SourceTitle "CBM 213"]
[Source "ChessBase"]
[SourceDate "2023.04.30"]
[SourceVersion "1"]
[SourceVersionDate "2023.04.30"]
[SourceQuality "1"]

1. e4 c6 2. Nc3 d5 3. Nf3 Bg4 4. h3 Bxf3 5. Qxf3 e6 6. d4 Nf6 7. exd5 cxd5 8. Qg3 Nc6 9. Be3 Bd6 10. Qxg7 Rg8 11. Qh6 Rg6 12. Qh4 Nb4 13. Bb5+ Kf8 14. Rc1 Rc8 15. 0-0 Qb6 16. Be2 Bb8 1-0

[Event "AUT-chT2W 2223"]
[Site "Austria"]
[Date "2023.01.20"]
[Round "6.3"]
[White "Kienboeck, Benjamin"]
[Black "Tumanyan, Gor"]
[Result "1-0"]
[WhiteElo "2241"]
[BlackElo "1984"]
[PlyCount "109"]
[EventDate "2022.09.23"]
[EventType "team-tourn"]
[EventRounds "11"]
[EventCountry "AUT"]
[SourceTitle "CBM 213 Extra"]
[Source "ChessBase"]
[SourceDate "2023.05.31"]
[SourceVersion "1"]
[SourceVersionDate "2023.05.31"]
[SourceQuality "1"]
[WhiteTeam "Hohenems II"]
[BlackTeam "Pradl"]
[WhiteTeamCountry "AUT"]
[BlackTeamCountry "AUT"]

1. e4 c5 2. Nf3 d6 3. d4 cxd4 4. Nxd4 Nf6 5. Nc3 g6 6. Be3 Bg7 7. f3 a6 8. Qd2 h5 9. 0-0-0 Nbd7 10. Kb1 0-0 11. Bh6 Nc5 12. h3 Bd7 13. g4 Ne6 14. Bxg7 Kxg7 15. Bc4 h4 16. Nxe6+ fxe6 17. Qe1 b5 18. Bb3 Qc7 19. Ne2 a5 20. Nd4 e5 21. Ne6+ Bxe6 22. Bxe6 g5 23. Rh2 Nd7 24. Bxd7 Qxd7 25. Rf2 Qc6 26. Rd5 Rf7 27. Rd3 Qb6 28. Rf1 Raf8 29. Qe2 Qc6 30. Rfd1 Kg6 31. Rc3 Qb6 32. Rb3 Rb8 33. a3 Qc6 34. Rd5 Rff8 35. Rdxb5 Rxb5 36. Rxb5 Qc7 37. Rb3 Qc5 38. Ka2 Qa7 39. Qc4 Kg7 40. Qd5 Qf2 41. Qe6 Rf7 42. Rb7 Qxf3 43. Rxe7 Rxe7 44. Qxe7+ Kh8 45. Qe8+ Kg7 46. Qe7+ Kh8 47. Qxd6 Qxh3 48. Qxe5+ Kh7 49. Qf5+ Kh8 50. e5 Qe3 51. e6 h3 52. Qf8+ Kh7 53. Qf7+ Kh6 54. e7 h2 55. e8Q 1-0

[Event "AUT-chT2W 2223"]
[Site "Austria"]
[Date "2022.11.13"]
[Round "5.4"]
[White "Prediger, Rupert"]
[Black "Kienboeck, Benjamin"]
[Result "1/2-1/2"]
[WhiteElo "2229"]
[BlackElo "2241"]
[PlyCount "84"]
[EventDate "2022.09.23"]
[EventType "team-tourn"]
[EventRounds "11"]
[EventCountry "AUT"]
[SourceTitle "CBM 213 Extra"]
[Source "ChessBase"]
[SourceDate "2023.05.31"]
[SourceVersion "1"]
[SourceVersionDate "2023.05.31"]
[SourceQuality "1"]
[WhiteTeam "Kufstein/Woergl"]
[BlackTeam "Hohenems II"]
[WhiteTeamCountry "AUT"]
[BlackTeamCountry "AUT"]

1. e4 c6 2. d4 d5 3. exd5 cxd5 4. c4 Nf6 5. Nc3 g6 6. Qb3 Bg7 7. cxd5 0-0 8. Be2 Na6 9. Bf3 Nc7 10. Bf4 e6 11. d6 Ncd5 12. Be5 Bd7 13. Nge2 Bc6 14. 0-0 Qd7 15. Rfe1 Rac8 16. Ng3 Nxc3 17. Bxc6 Qxc6 18. bxc3 Nd5 19. Ne4 Nb6 20. Rab1 Rfd8 21. a4 Nc4 22. Bxg7 Kxg7 23. Qxb7 Qxb7 24. Rxb7 Nxd6 25. Nxd6 Rxd6 26. Rxa7 Rxc3 27. g3 Rc4 28. Re4 Rcxd4 29. Rxd4 Rxd4 30. h4 h5 31. Kg2 Rd3 32. a5 Ra3 33. a6 Kf6 34. Kf1 Ra2 35. Ra8 Kg7 36. Ke1 Kf6 37. a7 Kg7 38. Kd1 Kf6 39. Kc1 Kg7 40. Kb1 Ra6 41. Kb2 Kf6 42. Kc3 Ra1 1/2-1/2

[Event "AUT-chT 2223"]
[Site "Austria"]
[Date "2022.11.03"]
[Round "1.6"]
[White "Kienboeck, Benjamin"]
[Black "Lentrodt, Thomas"]
[Result "1-0"]
[WhiteElo "2178"]
[BlackElo "2252"]
[PlyCount "61"]
[EventDate "2022.11.03"]
[EventType "team-tourn"]
[EventRounds "11"]
[EventCountry "AUT"]
[SourceTitle "EXT 2024"]
[Source "ChessBase"]
[SourceDate "2023.10.10"]
[SourceVersion "1"]
[SourceVersionDate "2023.10.10"]
[SourceQuality "1"]
[WhiteTeam "Hohenems"]
[BlackTeam "Grieskirchen"]
[WhiteTeamCountry "AUT"]
[BlackTeamCountry "AUT"]

1. e4 e6 2. d4 d5 3. Nc3 Nf6 4. e5 Nfd7 5. f4 c5 6. Nf3 Nc6 7. Be3 cxd4 8. Nxd4 Nxd4 9. Bxd4 Nb8 10. Bd3 Nc6 11. Bf2 a6 12. 0-0 Qa5 13. Kh1 Bc5 14. Qg4 g6 15. Nb5 Be7 16. Nd6+ Kf8 17. Bh4 Qd8 18. Bxe7+ Qxe7 19. c4 Nb4 20. Rad1 Bd7 21. cxd5 Nxd5 22. Qf3 f5 23. Bc4 Bc6 24. Bxd5 Bxd5 25. Rxd5 exd5 26. Qxd5 Kg7 27. g4 Rhf8 28. gxf5 gxf5 29. Rg1+ Kh8 30. e6 Rad8 31. Qe5+ 1-0